[Event "Floripa Chess Open 2024"]
[Site "Florianopolis"]
[Date "2024.01.26"]
[Round "8.75"]
[White "Colivet Gamboa, Julio Cesar"]
[Black "Pavao, Fabio Biasi"]
[Result "1-0"]
[WhiteElo "1976"]
[BlackElo "1783"]
[PlyCount "53"]
[EventDate "2024.01.20"]
[EventRounds "10"]
[EventCountry "BRA"]

1. c4 c6 2. e4 d5 3. exd5 cxd5 4. d4 Nf6 5. Nc3 Nc6 6. Nf3 a6 7. cxd5 Nxd5 8.
Bd3 g6 ({RR} 8... Bg4 9. O-O e6 10. Be4 Nxc3 11. bxc3 Be7 12. Qd3 Bxf3 13. Qxf3
Rc8 14. Qh5 g6 15. Qh6 Bf6 16. Re1 Ne7 17. Bd2 Qd7 18. Re3 Qb5 19. Rf3 Nf5 20.
Bxf5 exf5 21. Re1+ Kd7 22. Bg5 Rhe8 23. Rfe3 {Prudnykova,O (2268)-Fiorito,J  
(2376) chess.com INT 2023 0-1 (55)}) 9. O-O Bg7 10. Be4 Be6 11. Ng5 $146 ({RR} 
11. Bg5 O-O 12. h3 h6 13. Bh4 Nxc3 14. bxc3 Bd5 15. Re1 Bxe4 16. Rxe4 Qd5 17.
Qe2 e6 18. c4 Qd7 19. Rd1 Rfe8 20. d5 exd5 21. cxd5 Rxe4 22. Qxe4 Na5 23. Qb4
Qb5 24. Qxb5 axb5 25. d6 g5 {Lopez Gracia,F (2299)-Jaracz,P (2456) chess.com
INT 2021 1/2-1/2}) ({RR} 11. Bg5 O-O 12. h3 h6 13. Bh4 Nxc3 14. bxc3 Bd5 15.
Re1 Bxe4 16. Rxe4 Qd5 17. Qe2 e6 18. c4 Qd7 19. Rd1 Rfe8 20. d5 exd5 21. cxd5
Rxe4 22. Qxe4 Na5 23. Qb4 Qb5 24. Qxb5 axb5 25. d6 g5 {Lopez Gracia,F (2299)
-Jaracz,P (2456) chess.com INT 2021 1/2-1/2}) 11... Nxc3 12. bxc3 Bc4 13. Re1
O-O 14. Ba3 Re8 15. Rb1 Bf6 16. Bc1 Bxa2 17. Rxb7 Bd5 18. Qf3 Nxd4 19. cxd4 Qa5
20. Rf1 Bxb7 21. Bxb7 Rab8 22. Bd5 Rf8 23. Ne4 Kg7 24. Nxf6 exf6 25. Bc6 Rb1
26. Bh6+ Kxh6 27. Rxb1 1-0

[Event "Floripa Chess Open 2024"]
[Site "Florianopolis"]
[Date "2024.01.26"]
[Round "8.77"]
[White "Oliveira, Tiago Batista"]
[Black "Ribeiro Jr, Valdir Uchoa"]
[Result "1-0"]
[WhiteElo "1953"]
[BlackElo "1780"]
[PlyCount "61"]
[EventDate "2024.01.20"]
[EventRounds "10"]
[EventCountry "BRA"]

1. d4 Nf6 2. Nf3 e6 3. g3 b6 4. Bg2 Bb7 5. c4 Bb4+ 6. Bd2 a5 7. O-O O-O 8. Bg5
Be7 9. Nc3 Na6 ({RR} 9... h6 10. Bxf6 Bxf6 11. e4 d6 12. e5 dxe5 13. dxe5 Be7
14. Qe2 Qc8 15. Rfd1 a4 16. Nd4 Bxg2 17. Kxg2 Qb7+ 18. Qe4 Qxe4+ 19. Nxe4 Rd8
20. f4 Kf8 21. h4 c6 22. Kf3 Ra7 23. Ke2 Rad7 24. Nf3 {Muzychuk,A (2549)-Hou,Y
(2671) Monaco 2015 1/2-1/2 (44)}) ({RR} 9... d6 10. Qc2 Nbd7 11. e4 e5 12. Rfe1
h6 13. Be3 Ng4 14. Bd2 exd4 15. Nxd4 Bf6 16. Nf5 Nge5 17. Nd5 Bxd5 18. cxd5 Nc5
19. f4 Ned3 20. Reb1 Nb4 21. Qc4 Nbd3 22. Bf1 Nxb2 23. Qe2 Nba4 24. e5 {
Nikologorskiy,K (2413)-Dinu,D (2203) chess.com INT 2023 1-0 (45)}) 10. Re1 $146
({RR} 10. Qc2 Nb4 11. Qb1 c5 12. dxc5 bxc5 13. a3 Nc6 14. Rd1 h6 15. Bf4 Nh5
16. Be3 Ba6 17. b3 Rb8 18. Qc2 Qc7 19. Rab1 f5 20. Qd2 d6 21. h3 g5 22. Qc2 Bf6
23. g4 Ng7 24. Nb5 Bxb5 {Shestoperov,A (2455)-Zakharov,A (2365) Smolensk 1992
1-0 (36)}) ({RR} 10. Qd3 Nb4 11. Qd2 Ne4 12. Nxe4 Bxe4 13. Bxe7 Qxe7 14. a3 Na6
15. Ne5 Bxg2 16. Kxg2 f5 17. Nd3 Qd6 18. Qc3 a4 19. Rac1 c5 20. dxc5 bxc5 21.
Kg1 Rfb8 22. Rfd1 Rb3 23. Qd2 Rab8 24. Rc2 Qc6 {Jaeger,F (2031)-Miezis,N (2500)
Norway 2008 0-1 (36)}) ({RR} 10. a3 h6 11. Bd2 d5 12. cxd5 Nxd5 13. Qc2 c5 14.
dxc5 Nxc5 15. Rfd1 Qc8 16. Nd4 Nxc3 17. Bxc3 Bxg2 18. Kxg2 Qb7+ 19. f3 Rfc8 20.
Nb5 Qc6 21. a4 Na6 22. Rd4 Nb4 23. Qb3 Nd5 24. Rd3 Bg5 {Torres,J (2295)
-Barrientos Chavarriaga,S (2519) Bogota 2012 1-0 (76)}) 10... Ne4 11. Bf4 Qc8
12. Qc2 f5 13. a3 Nxc3 14. Qxc3 Be4 15. Bg5 Qd8 16. h4 Bf6 17. Rad1 Qe7 18.
Bxf6 Rxf6 19. Ng5 Bxg2 20. Kxg2 Raf8 21. e4 h6 22. e5 Rg6 23. Nf3 h5 24. Qd3 c5
25. d5 Rg4 26. Ng5 Rd4 27. Qf3 a4 28. Qxh5 g6 29. Qxg6+ Qg7 30. Qxg7+ Kxg7 31.
dxe6 1-0

[Event "Floripa Chess Open 2024"]
[Site "Florianopolis"]
[Date "2024.01.26"]
[Round "8.78"]
[White "Szuba, Joao Gabriel Muniz"]
[Black "Bassani, Jaison Jose"]
[Result "0-1"]
[WhiteElo "1709"]
[BlackElo "1949"]
[PlyCount "122"]
[EventDate "2024.01.20"]
[EventRounds "10"]
[EventCountry "BRA"]

1. Nf3 Nf6 2. b3 g6 3. Bb2 Bg7 4. g3 c5 5. c4 O-O 6. Bg2 Nc6 7. O-O b6 8. d4
cxd4 9. Nxd4 Bb7 10. Nc3 Rc8 ({RR} 10... Qc8 11. Nc2 d6 12. e4 Rd8 13. Qe2 e6
14. Rfd1 a6 15. Rac1 Qc7 16. Ne3 Ne5 17. h3 Ned7 18. Ng4 Nxg4 19. hxg4 h6 20.
Rd2 Rac8 21. Rcd1 b5 22. cxb5 Bxc3 23. Bxc3 Qxc3 24. Rxd6 Rc7 25. b6 {Kramnik,
V (2783)-Svidler,P (2753) Flor & Fjaere 2014 1-0 (39)}) 11. Nc2 ({RR} 11. e3
Ba8 12. Nde2 d6 13. Nf4 h5 14. h3 Ne5 15. Bxa8 Rxa8 16. Ncd5 Nxd5 17. Qxd5 Nf3+
18. Qxf3 Bxb2 19. Rad1 Bg7 20. Qd5 Qd7 21. Nxg6 Rfe8 22. Nf4 h4 23. Qg5 f6 24.
Qxh4 Rac8 25. Rd5 Rc5 {Jarmula,L (2439)-Jarocka,L (2225) chess.com INT 2023
1-0 (32)}) 11... d6 12. e4 Ne8 $146 ({RR} 12... Nd7 13. Rb1 a6 14. Qe2 Na5 15.
Nd5 Bxb2 16. Rxb2 e6 17. Nf4 Nf6 18. Rd1 Qc7 19. Ne1 Nc6 20. Rbd2 Rfd8 21. Nc2
Ne5 22. Nd4 Re8 23. Nd3 Ned7 24. Rc1 {1/2-1/2 (24) Dizdar,G (2563)-Zueger,B  
(2424) Geneve 1999}) 13. Ne3 Nc7 14. Qd2 Ne6 15. Ne2 Rc7 16. Nd5 Rd7 17. Rad1
Qa8 18. Bxg7 Kxg7 19. Qb2+ Kg8 20. Bh3 Rdd8 21. b4 Rde8 22. f4 Qb8 23. f5 Nc7
24. Nef4 Ne5 25. f6 Nxd5 26. Nxd5 Bxd5 27. Rxd5 exf6 28. Qd4 Qc7 29. Rxd6 Qxc4
30. Qxc4 Nxc4 31. Rd4 Ne5 32. Rxf6 Rd8 33. Rdd6 Rfe8 34. b5 Kg7 35. Bf1 h5 36.
Be2 Kf8 37. Rd5 Rxd5 38. exd5 Ke7 39. Rf4 Kd6 40. Bf3 Rc8 41. Rf6+ Ke7 42. Rf4
Rc1+ 43. Kg2 Rc2+ 44. Kf1 Rxa2 45. Be2 Kd6 46. Rd4 f5 47. h4 Ng4 48. Bxg4 fxg4
49. Rf4 Kxd5 50. Rf6 Ke4 51. Kg1 Rb2 52. Rf7 Ra2 53. Rf6 Ra5 54. Rf7 a6 55.
bxa6 Rxa6 56. Rf6 Ra1+ 57. Kf2 Ra2+ 58. Kg1 Rb2 59. Rc6 b5 60. Kf1 b4 61. Rf6
b3 0-1

[Event "Floripa Chess Open 2024"]
[Site "Florianopolis"]
[Date "2024.01.26"]
[Round "8.79"]
[White "De Haro, Martim Afonso Palma"]
[Black "Nascimento, Pedro Henrique Alve"]
[Result "0-1"]
[WhiteElo "1704"]
[BlackElo "1946"]
[PlyCount "128"]
[EventDate "2024.01.20"]
[EventRounds "10"]
[EventCountry "BRA"]

1. Nf3 d5 2. d4 e6 3. c4 a6 4. g3 dxc4 5. Ne5 ({RR} 5. Bg2 b5 6. Ne5 c6 7. O-O
Bb7 8. a4 Nf6 9. b3 cxb3 10. Qxb3 Be7 11. Rd1 O-O 12. Ba3 Nfd7 13. Nd3 Bxa3 14.
Qxa3 Nb6 15. Nc5 Bc8 16. Nc3 Qe7 17. Qb3 Rd8 18. e3 Ra7 19. Nd3 Bb7 {Matlakov,
M (2674)-Andreikin,D (2724) chess.com INT 2022 1-0 (77)}) ({RR} 5. a4 c5 6. Bg2
Nc6 7. e3 cxd4 8. exd4 Bb4+ 9. Bd2 Bxd2+ 10. Qxd2 Nf6 11. O-O O-O 12. Na3 Na5
13. Qe2 Bd7 14. Nxc4 Nxc4 15. Qxc4 Rc8 16. Qb3 Bc6 17. Rac1 Qa5 18. Ne5 Bxg2
19. Kxg2 Qd5+ {Szuba,J (1709)-Benitez,A (1956) Florianopolis BRA 2024 1-0 (80)}
) 5... Qd5 $146 ({RR} 5... c5 6. Nxc4 Qxd4 7. Qxd4 cxd4 8. Nb6 Ra7 9. Nxc8 Ra8
10. Nb6 Ra7 11. Bg2 Nc6 12. O-O Bc5 13. Na4 Be7 14. Nb6 Bc5 15. Na4 Be7 16. b3
Nf6 17. Ba3 e5 18. Nb6 Bxa3 19. Nxa3 Nd7 20. Nac4 {Touzane,O (2256)-Buksa,N  
(2405) chess.com INT 2023 1-0 (54)}) ({RR} 5... c5 6. Nxc4 cxd4 7. Bg2 Nf6 8.
O-O Be7 9. e3 O-O 10. exd4 Nc6 11. Be3 Bd7 12. Nc3 b5 13. Ne5 Rc8 14. Rc1 Nb4
15. Qb3 a5 16. a3 a4 17. Qd1 Nbd5 18. Bd2 Nxc3 19. Bxc3 Nd5 20. Bd2 {Fuhrmann,
B (2063)-Nijdam,B (1877) Hoogeveen NED 2022 1-0 (38)}) ({RR} 5... b5 6. Bg2 c6
7. O-O Nf6 8. a4 Bb7 9. Nc3 Qb6 10. e4 Be7 11. Be3 O-O 12. d5 Qc7 13. Bf4 Bd6
14. dxc6 Nxc6 15. Nxc6 Bxf4 16. axb5 axb5 17. Nd4 Be5 18. Ndxb5 Qb6 19. Qe2
Bxc3 20. Nxc3 {Yakimova,M (2288)-Munkhzul,D (1991) Moscow RUS 2019 1-0 (41)})
6. f3 Nc6 7. Nc3 Bb4 8. e4 Qxd4 9. Nxc6 Qxd1+ 10. Kxd1 bxc6 11. Kc2 Ne7 12.
Bxc4 O-O 13. Rd1 e5 14. Be3 Bd6 15. Na4 Be6 16. Be2 f5 17. Nc5 Bc8 18. Rac1 h5
19. Kb1 fxe4 20. fxe4 Bg4 21. Bxg4 hxg4 22. Nb7 Rf6 23. Bg5 Rg6 24. Bh4 Kf7 25.
Na5 Ke6 26. Bxe7 Kxe7 27. Nxc6+ Ke6 28. Na5 Rf6 29. Nc4 Rf2 30. Rc2 Raf8 31.
Ne3 Rxc2 32. Kxc2 Bc5 33. Nxg4 Bd4 34. b3 a5 35. Kd2 c5 36. Ke2 a4 37. Rd3 Ra8
38. Rf3 axb3 39. axb3 Ra3 40. h4 Ra1 41. Rf1 Ra2+ 42. Kd3 Rb2 43. Kc4 Rc2+ 44.
Kb5 Rc3 45. Nh2 Rxb3+ 46. Kc6 Rxg3 47. Nf3 Be3 48. Kb5 Rg4 49. Re1 Bd4 50. Kc4
Rf4 51. Ng5+ Kf6 52. Rh1 Bf2 53. Nh3 Rxe4+ 54. Kd5 Rd4+ 55. Kxc5 Bxh4 56. Rf1+
Ke6 57. Rg1 Rd3 58. Ng5+ Bxg5 59. Rxg5 Kf6 60. Rg4 g5 61. Rg1 e4 62. Kc4 Kf5
63. Rf1+ Rf3 64. Ra1 g4 0-1

[Event "Floripa Chess Open 2024"]
[Site "Florianopolis"]
[Date "2024.01.26"]
[Round "8.80"]
[White "Kim, Thiago"]
[Black "Silva Rosas, Natalia"]
[Result "1-0"]
[WhiteElo "1944"]
[BlackElo "1754"]
[PlyCount "103"]
[EventDate "2024.01.20"]
[EventRounds "10"]
[EventCountry "BRA"]

1. e4 d5 2. exd5 Qxd5 3. Nc3 Qd6 4. d4 Nf6 5. Nf3 Bg4 6. h3 Bxf3 7. Qxf3 c6 8.
Be3 e6 9. O-O-O Be7 ({RR} 9... Nbd7 10. g4 Qc7 11. Kb1 Bb4 12. Bc1 Bxc3 13.
Qxc3 Nd5 14. Qf3 b5 15. h4 a5 16. g5 a4 17. h5 Rf8 18. c4 bxc4 19. Bxc4 N7b6
20. Be2 g6 21. Bd2 Rb8 22. Rc1 Qb7 23. Rc2 Nc8 24. Qa3 {Giri,A (2760)-Nihal,S 
(2694) chess.com INT 2023 1-0 (47)}) ({RR} 9... Nbd7 10. Bf4 Qb4 11. g4 Be7 12.
g5 Nd5 13. Nxd5 cxd5 14. h4 Nb6 15. c3 Rc8 16. Kb1 Qa5 17. Be5 Na4 18. Rc1 Nxb2
19. Rc2 Na4 20. c4 dxc4 21. Bxc4 b5 22. Bxe6 Nc3+ 23. Rxc3 Qxc3 24. Bxf7+ {
Szczurek,K (2163)-Pazderski,Z (2235) Krakow POL 2023 1-0 (40)}) 10. Bf4 Qd8 11.
Kb1 $146 ({RR} 11. Be5 Nbd7 12. g4 h6 13. h4 Qa5 14. g5 Nxe5 15. dxe5 Nd5 16.
g6 Rf8 17. Nxd5 cxd5 18. gxf7+ Rxf7 19. Qh5 Bc5 20. Kb1 Ke7 21. Qg6 Raf8 22.
Bh3 Qb6 23. Rd3 Qc6 24. f3 d4 25. Rg1 Qd5 {Cordts,I (2148)-Hagemann,S (1953)
Germany 2011 1-0 (33)}) 11... Nbd7 12. Bd3 Qa5 13. g4 Nd5 14. Nxd5 cxd5 15. g5
Nb6 16. Bd2 Qa4 17. b3 Qd7 18. a4 Nxa4 19. bxa4 Qxa4 20. Be2 Qd7 21. Qb3 a6 22.
c3 b5 23. Kc2 O-O 24. Ra1 Rfc8 25. Kd1 Qb7 26. f4 Rc4 27. Rf1 Rc7 28. Bd3 g6
29. h4 Qc8 30. h5 Qd8 31. Rh1 Bf8 32. Ke2 Bg7 33. Ra2 f5 34. gxf6 Qxf6 35. hxg6
h6 36. Qb4 Qd8 37. Qa5 Qc8 38. Kf3 Raa7 39. Qb6 Rab7 40. Qxa6 Qd7 41. Qa3 Ra7
42. Qb2 Rxa2 43. Qxa2 b4 44. cxb4 Bxd4 45. Rxh6 Ra7 46. Qc2 Ra3 47. Rh7 Bg7 48.
Bc1 Ra8 49. Bb2 d4 50. Qe2 Rf8 51. Qe4 Qd6 52. Rxg7+ 1-0

[Event "Floripa Chess Open 2024"]
[Site "Florianopolis"]
[Date "2024.01.26"]
[Round "8.81"]
[White "Marcolino, Antonio Claudio H."]
[Black "Predebon, Eduardo Angonesi"]
[Result "1-0"]
[WhiteElo "1925"]
[BlackElo "1742"]
[PlyCount "69"]
[EventDate "2024.01.20"]
[EventRounds "10"]
[EventCountry "BRA"]

1. d4 Nf6 2. c4 c5 3. d5 b5 4. cxb5 a6 5. b6 d6 6. Nc3 Nbd7 7. e4 Rb8 8. Nf3 g6
9. Be2 Bg7 10. O-O O-O 11. Qc2 Rxb6 12. Nd2 Rb4 13. a3 Rb8 14. Nc4 Ne8 15. Bf4
$146 ({RR} 15. Bg5 Ne5 16. Ne3 h6 17. Bh4 g5 18. Bg3 Ng6 19. Nc4 Bd4 20. Kh1
Ng7 21. a4 f5 22. exf5 Bxf5 23. Bd3 Nf4 24. Bxf4 gxf4 25. Rab1 Qe8 26. Rfe1 f3
27. g3 Qg6 28. Bxf5 Qxf5 29. Qxf5 Nxf5 {Wagenvoorde,G (2027)-Guelsen,T (2156)
Vlissingen 2017 0-1 (38)}) 15... Ne5 16. Nxe5 dxe5 17. Be3 f5 18. f3 Qc7 19.
Na4 e6 20. Qxc5 Qb7 21. Bc4 Bd7 22. Nb6 Bb5 23. Bxb5 axb5 24. Rfd1 Nc7 25. Rac1
Rf7 26. Qc6 Nxd5 27. exd5 exd5 28. Qxb7 Rfxb7 29. Nxd5 e4 30. Bd4 exf3 31. Bxg7
Kxg7 32. gxf3 Kh6 33. Rc7 Kg5 34. Kf2 h6 35. Rg1+ 1-0

[Event "Floripa Chess Open 2024"]
[Site "Florianopolis"]
[Date "2024.01.26"]
[Round "8.82"]
[White "Gazola, Vanessa Ramos"]
[Black "Moreira, Iloyziel Joao Da Si"]
[Result "0-1"]
[WhiteElo "1921"]
[BlackElo "1737"]
[PlyCount "94"]
[EventDate "2024.01.20"]
[EventRounds "10"]
[EventCountry "BRA"]

1. d4 b6 2. c4 Bb7 3. Nc3 e6 4. a3 Nf6 5. d5 Be7 6. Nf3 O-O 7. g3 d6 8. Bg2 e5
9. O-O Nbd7 ({RR} 9... h6 10. b4 Nbd7 11. e4 Nh7 12. Rb1 Ba6 13. Qd3 Ng5 14.
Nd2 g6 15. f4 Nh7 16. Nf3 exf4 17. gxf4 Bf6 18. Ne2 Re8 19. Ned4 Qe7 20. Re1
Qf8 21. Rb2 Qg7 22. Rbe2 Nhf8 23. Nc6 Bc3 24. Rf1 {Van Wely,L (2662)-Latorre
Lopez Moreira,L (2277) Tromsoe 2014 1-0 (38)}) ({RR} 9... Ne8 10. e4 g6 11. Ne1
f5 12. exf5 gxf5 13. f4 Nd7 14. Nc2 Ng7 15. Be3 h5 16. b3 Bf6 17. Qd2 e4 18. h3
Qe8 19. Kh2 Bc8 20. Nd4 Nc5 21. Rab1 h4 22. g4 fxg4 23. hxg4 Bxg4 24. b4 {
Srdanovic,J (2047)-Jaiveer,M (1636) Veliko Gradiste SRB 2023 0-1 (31)}) ({RR} 
9... a5 10. b3 Nbd7 11. Bb2 Nc5 12. Qc2 a4 13. b4 Nb3 14. Rad1 Qd7 15. e3 Ng4
16. Nd2 Nxd2 17. Rxd2 f5 18. h3 Nh6 19. Ne2 Bg5 20. f4 Bf6 21. Kh2 Qe8 22. e4
Qh5 23. Kg1 Rae8 24. exf5 {Gazola,V (2099)-Van Riemsdijk,V (2228) Sao Paulo
2015 1-0 (38)}) 10. b4 Re8 $146 ({RR} 10... c6 11. dxc6 Bxc6 12. Bb2 Rc8 13.
Qb3 a6 14. Rac1 b5 15. cxb5 axb5 16. Nh4 d5 17. Nf5 Nb6 18. Rfd1 g6 19. Nxe7+
Qxe7 20. Nb1 Nc4 21. Nd2 Qe6 22. e3 h5 23. Qc3 d4 24. exd4 Bxg2 25. Kxg2 {
Soppe,G (2455)-Tempone,M (2435) La Carlota 1995 0-1}) ({RR} 10... a5 11. Bb2
Ng4 12. Nd2 f5 13. Nb3 axb4 14. axb4 Rxa1 15. Qxa1 Qc8 16. Qa7 e4 17. Nb5 Nde5
18. Rc1 Bg5 19. Rc2 f4 20. Bxe5 dxe5 21. Bh3 fxg3 22. hxg3 Qf5 23. e3 Bc8 24.
Qa1 Qf6 25. Nxc7 {Kaunas,K (2210)-Beliajev,D (2195) Lithuania 2014 0-1}) ({RR} 
10... Ne8 11. e4 g6 12. Ne1 Ng7 13. Nd3 a5 14. Be3 Ba6 15. Qb3 f5 16. f3 Bg5
17. Bf2 Bf6 18. Rfd1 f4 19. c5 Bxd3 20. c6 Ba6 21. cxd7 Qxd7 22. bxa5 bxa5 23.
Rab1 fxg3 24. hxg3 Bg5 25. a4 {Khotenashvili,B (2463)-Gvetadze,S (2276)
Lagodekhi 2016 0-1 (43)}) 11. Bb2 Bf8 12. e4 g6 13. Nd2 Bg7 14. Nb3 Nf8 15. Qd3
Nh5 16. Rac1 Bc8 17. c5 a6 18. cxd6 cxd6 19. Na4 Bd7 20. Nc3 h6 21. Rc2 Nh7 22.
Rfc1 Ng5 23. h4 Nh7 24. Ne2 g5 25. hxg5 Nxg5 26. Kh2 Rf8 27. f3 f5 28. Rf1 f4
29. g4 Ng3 30. Rfc1 Bb5 31. Qd1 Nxe2 32. Rxe2 Bxe2 33. Qxe2 Rf7 34. Rc6 b5 35.
Na5 Rc7 36. Qd3 Qe7 37. Bc3 Rac8 38. Be1 Nf7 39. Rxa6 Rc1 40. Bf2 R8c2 41. Rc6
Rxf2 42. Rxc1 Qh4+ 43. Kg1 Qg3 44. Qf1 Rxf1+ 45. Kxf1 Ng5 46. Rc3 Kh7 47. Nb7
Nxe4 0-1

[Event "Floripa Chess Open 2024"]
[Site "Florianopolis"]
[Date "2024.01.26"]
[Round "8.83"]
[White "Ramazzotte, Maicon Zilli"]
[Black "Boeck, Moacir Luis"]
[Result "1-0"]
[WhiteElo "1682"]
[BlackElo "1900"]
[PlyCount "115"]
[EventDate "2024.01.20"]
[EventRounds "10"]
[EventCountry "BRA"]

1. e4 c5 2. Nf3 d6 3. d4 cxd4 4. Nxd4 Nf6 5. Nc3 a6 6. Be3 e5 7. Nb3 Be6 8. Nd5
Bxd5 9. exd5 Nbd7 10. Be2 g6 ({RR} 10... Be7 11. O-O O-O 12. a4 Rc8 13. a5 Re8
14. h3 Bf8 15. Ra4 g6 16. Ra1 Bg7 17. Bg5 Qc7 18. c4 Ne4 19. Be3 f5 20. Kh2 f4
21. Bc1 Nef6 22. g3 g5 23. Bd2 Rf8 24. Bb4 Ne4 25. Qc2 {Borys,M (1347)-Mueck,P
(1347) Warsaw POL 2023 0-1 (60)}) 11. c4 Bg7 12. O-O $146 ({RR} 12. g4 O-O 13.
h4 Rc8 14. h5 b5 15. cxb5 Nb6 16. hxg6 fxg6 17. Na5 axb5 18. Nc6 Qc7 19. Bxb6
Qxb6 20. Ne7+ Kf7 21. Nxc8 Rxc8 22. Qd3 Rc4 23. g5 Rf4 24. O-O-O Ne4 25. Qh3
Nxg5 26. Qd7+ Kg8 {De Vreugt,D (2429)-Van der Weide,K (2476) Netherlands 2007
1-0 (39)}) 12... O-O 13. Rc1 b6 14. f4 Qc7 15. fxe5 Nxe5 16. Bf4 Nfd7 17. Nd4
Rfe8 18. Kh1 Rac8 19. b4 h5 20. b5 a5 21. Nc6 Nc5 22. Be3 Ned3 23. Bxc5 Nxc1
24. Bf3 dxc5 25. d6 Qd7 26. Bd5 Rf8 27. Ne7+ Kh7 28. Bc6 Qg4 29. Qxg4 hxg4 30.
Nxc8 Rxc8 31. d7 Rd8 32. Rxc1 Be5 33. Re1 f6 34. Re4 g3 35. hxg3 Kg7 36. g4 g5
37. Kg1 Kf7 38. Kf2 Ke7 39. Kf3 Rh8 40. Re2 Rh4 41. Rd2 Kd8 42. Be4 Rh1 43. Bf5
Rc1 44. g3 Rh1 45. Ke4 Rh8 46. Kd5 Kc7 47. Ke6 Rd8 48. Ke7 Bd4 49. Rh2 Be5 50.
Rh6 Bd4 51. Rxf6 Bxf6+ 52. Kxf6 Rh8 53. Kxg5 Rh2 54. Kf6 Rxa2 55. g5 Rd2 56.
Ke7 a4 57. g6 Re2+ 58. Be6 1-0

[Event "Floripa Chess Open 2024"]
[Site "Florianopolis"]
[Date "2024.01.26"]
[Round "8.84"]
[White "Calcada, Henrique Galvan"]
[Black "Ferreira, Gabriel Duque"]
[Result "1-0"]
[WhiteElo "1672"]
[BlackElo "1891"]
[PlyCount "83"]
[EventDate "2024.01.20"]
[EventRounds "10"]
[EventCountry "BRA"]

1. Nf3 Nf6 2. c4 g6 3. d4 Bg7 4. Bf4 d6 5. e3 O-O 6. Nc3 Nbd7 7. h3 c5 8. Be2
b6 9. O-O Bb7 10. Rb1 ({RR} 10. d5 a6 11. e4 Re8 12. Qd2 Nf8 13. Rfe1 e5 14.
Be3 Kh8 15. Rab1 Ng8 16. b4 Bc8 17. Bd1 f5 18. Ba4 b5 19. Bg5 Qb6 20. bxc5 Qxc5
21. cxb5 f4 22. bxa6 Bd7 23. Bxd7 Nxd7 24. Rec1 Qa5 {Khairullin,I (2574)
-Ipatov,A (2494) Moscow 2009 1-0 (38)}) 10... Ne4 11. Nxe4 ({RR} 11. Qc2 Nxc3
12. bxc3 Rc8 13. Rfd1 Qc7 14. Nd2 e5 15. Bg3 f5 16. Bf3 Bxf3 17. Nxf3 cxd4 18.
cxd4 Qxc4 19. Qxc4+ Rxc4 20. dxe5 Nxe5 21. Rxd6 {1/2-1/2 (21) Pilny,J (1985)
-Framberk,J (2027) Rakovnik 2015}) 11... Bxe4 12. Bd3 $146 ({RR} 12. Rc1 Bc6
13. Bh2 e5 14. dxe5 dxe5 15. Qd6 Qf6 16. Rfd1 Rac8 17. b3 e4 18. Qxf6 Bxf6 19.
Ne1 Rfd8 20. Bg4 h5 21. Bxd7 Bxd7 22. Bd6 Be6 23. Bh2 a6 24. Rxd8+ Bxd8 25. Rd1
b5 26. cxb5 axb5 {Huddleston,H-Stojic,S (2012) Canberra 2003 0-1 (52)}) 12...
Bxd3 13. Qxd3 Rc8 14. dxc5 Nxc5 15. Qe2 Ne4 16. Rfc1 Qd7 17. Ne1 Rfd8 18. f3
Nc5 19. b4 Ne6 20. Bg3 Bf6 21. Nd3 h5 22. a3 Qa4 23. Qa2 Qd7 24. a4 Re8 25. Qa3
Red8 26. Rc2 Kh7 27. Rbc1 Kg8 28. Kf1 Kh7 29. Nf2 Bg7 30. Nd1 Qb7 31. Nf2 Kg8
32. Nd3 Qd7 33. Kg1 Kh7 34. Nf4 Nxf4 35. Bxf4 Qf5 36. Bg3 Qe6 37. Bf2 Rc7 38.
a5 Rdc8 39. axb6 axb6 40. Qa6 d5 41. cxd5 Rxc2 42. Rxc2 1-0

[Event "Floripa Chess Open 2024"]
[Site "Florianopolis"]
[Date "2024.01.26"]
[Round "8.85"]
[White "Cruz, Natan Gomes"]
[Black "Lopes, Leonardo Borges"]
[Result "1-0"]
[WhiteElo "1888"]
[BlackElo "1694"]
[PlyCount "67"]
[EventDate "2024.01.20"]
[EventRounds "10"]
[EventCountry "BRA"]

1. e4 c5 2. Nf3 d6 3. d4 cxd4 4. Nxd4 Nf6 5. Nc3 a6 6. Be2 e5 7. Nb3 Be6 8. Be3
Be7 9. Nd5 Nxd5 10. exd5 Bf5 11. Qd2 Nd7 12. c4 Rc8 ({RR} 12... O-O 13. Na5 Qc7
14. O-O Bg6 15. Rac1 f5 16. f3 Nf6 17. Bf2 Rae8 18. c5 dxc5 19. d6 Qd7 20. Nc4
Bd8 21. Bxc5 Bf7 22. Nb6 Bxb6 23. Bxb6 Bd5 24. Rfd1 Rc8 25. b3 Qxd6 26. Qa5 Qe6
27. Rxc8 {Escandell,J (2159)-Jimenez Ruano,A (2225) Barcelona ESP 2023 1-0 (48)
}) 13. Rc1 O-O 14. O-O h6 $146 ({RR} 14... Bg6 15. f4 Nf6 16. f5 Bh5 17. Bxh5
Nxh5 18. Qe2 Nf6 19. g4 b5 20. g5 Nd7 21. Qh5 Rxc4 22. Rxc4 bxc4 23. Nd2 Qa5
24. f6 gxf6 25. Qg4 f5 26. Qxf5 Qd8 27. Kh1 Nb6 28. Rf3 Kg7 29. Qh3 {Kiss,J  
(2115)-Rapcsak,A Paks 1996 1-0 (31)}) 15. Na5 Rc7 16. f4 Qc8 17. b4 Nf6 18. Bb6
exf4 19. Bxc7 Qxc7 20. Qxf4 Bg6 21. Qd4 Ne4 22. Bf3 Bf6 23. Qa7 Nd2 24. Rf2 Bg5
25. Re1 Nxc4 26. Nxc4 Qxc4 27. Kh1 Qxb4 28. Rfe2 Kh7 29. g3 Rc8 30. h4 Bd2 31.
Rd1 Rc3 32. Qf2 Bc1 33. h5 Bd3 34. Rxd3 1-0

[Event "Floripa Chess Open 2024"]
[Site "Florianopolis"]
[Date "2024.01.26"]
[Round "8.86"]
[White "Paz, Martin"]
[Black "Dos Santos, Leonardo Lopes"]
[Result "1/2-1/2"]
[WhiteElo "1880"]
[BlackElo "1664"]
[PlyCount "110"]
[EventDate "2024.01.20"]
[EventRounds "10"]
[EventCountry "BRA"]

1. e4 e5 2. Nf3 Nc6 3. d4 exd4 4. Nxd4 Bc5 5. Nb3 Be7 6. Nc3 d6 7. Be3 Nf6 8.
f3 Be6 9. Qd2 Qd7 $146 ({RR} 9... Nd7 10. O-O-O a5 11. a4 Bxb3 12. cxb3 O-O 13.
g4 Nde5 14. Qg2 Nb4 15. f4 Ng6 16. h4 Nh8 17. g5 Re8 18. h5 f6 19. Bc4+ Kf8 20.
gxf6 Bxf6 21. e5 Qe7 22. Bd4 dxe5 23. fxe5 Bg5+ 24. Kb1 {Karlik,O (1412)
-Suchomel,A (1774) Sec u Chrudimi 2007 1-0}) ({RR} 9... d5 10. O-O-O dxe4 11.
Qe1 Qc8 12. g4 Bb4 13. Bc5 Bxc5 14. Nxc5 O-O 15. g5 Ne8 16. N5xe4 Nd6 17. Bd3
Bf5 18. Nd5 Bxe4 19. fxe4 Re8 20. Qh4 Re5 21. Rhg1 Kh8 22. Nf6 h6 23. gxh6 g6
24. Ng4 {Babula,V (2167)-Sudrich,R (2033) Stare Mesto CZE 2021 1/2-1/2 (67)}) (
{RR} 9... a6 10. O-O-O Ne5 11. Kb1 Nc4 12. Bxc4 Bxc4 13. Nd4 c5 14. Nf5 O-O 15.
Nxe7+ Qxe7 16. Qxd6 Qxd6 17. Rxd6 Rac8 18. Rhd1 b5 19. b3 b4 20. Na4 Bb5 21.
Nxc5 a5 22. Rb6 Rb8 23. Nb7 Bd7 24. Nxa5 {Carstens Dobuchak,T (2149)-Dos
Santos Junior,J (1741) Brasilia 2016 1-0 (34)}) ({RR} 9... d5 10. O-O-O dxe4
11. Qf2 Qc8 12. Nxe4 Nxe4 13. fxe4 Ne5 14. Qg3 Ng6 15. Bb5+ c6 16. Be2 O-O 17.
h4 Bf6 18. h5 Ne5 19. Bd4 Bxb3 20. axb3 Qe6 21. Rdf1 Nd7 22. Bc4 Qe7 23. Rxf6
Nxf6 24. h6 {Anillo Castro,A (1842)-Dominguez Rincon,M (2007) Santander 2012
1-0 (45)}) 10. O-O-O O-O-O 11. g4 h6 12. Nd4 a6 13. Kb1 d5 14. Nxc6 Qxc6 15. e5
d4 16. Bxd4 Bc5 17. Bd3 Bxd4 18. exf6 Bxf6 19. Ne4 Bd5 20. Qb4 Bxe4 21. Bxe4
Qb6 22. Qa3 h5 23. gxh5 Kb8 24. Rxd8+ Rxd8 25. Qb3 Qxb3 26. axb3 Rh8 27. Bd5
Rxh5 28. Bxf7 Rf5 29. Rf1 Be5 30. Bg6 Rf6 31. Be4 Bxh2 32. c3 g5 33. Rh1 Bd6
34. Kc2 Rf4 35. Rh8+ Rf8 36. Rh5 Bf4 37. b4 b6 38. Kb3 Rd8 39. Kc4 Ka7 40. Rh7
Kb8 41. Rh1 b5+ 42. Kb3 Be5 43. Bc6 Rd6 44. Be4 Rd8 45. Ra1 Ka7 46. Bc6 Kb6 47.
Be4 Ka7 48. Kc2 Rh8 49. Rd1 Bd6 50. Rd5 Rh2+ 51. Kb3 Rg2 52. Bf5 Rf2 53. Bg4
Re2 54. Rxg5 Bf4 55. Rg7 Bc1 1/2-1/2